000
00326pab a2200133 454500
008
180718b xxu||||| |||| 00| 0 eng d
100
_a
Mahajan, V.S.
245
_a
Privatisation: the Japanese experience
650
_a
Japan
650
_a
Privatisation
650
_a
Government Enterprise
773
_a
Tribune
909
_a
22644
999
_c
22644
_d
22644